| 000 | 00884nam a2200193 a 4500 | ||
|---|---|---|---|
| 008 | 120416s1982 ||||||||||||||||| || u | ||
| 020 | _a0896330481 | ||
| 050 | _aHD 82.L4753 Doe | ||
| 100 | _aHessen, Robert | ||
| 245 | 1 | 0 |
_aDoes big business rule America? _cedited by Robert Hessen |
| 246 | _acritical commentaries on Charles E. Lindblom's ''Politics and markets'' | ||
| 260 |
_aWashington, D.C. _bEthics and Public Policy Centre _c1982 |
||
| 300 | _a(4),74p. | ||
| 350 | _a0.00 | ||
| 650 | 0 | _aECONOMICS | |
| 650 | _aPOLITICAL ECONOMICS--UNITED STATES | ||
| 995 |
_aANNEX COLLECTION (Main Library) _D0.00 _e715617 _FCBU-MAIN LIBRARY (Kitwe) _H1 _I3.00 _jHD 82.L4753 Doe _M1 _UAVAILABLE _y004703 _ZAnnex Low-Usage Collection |
||
| 995 |
_aANNEX COLLECTION (Main Library) _D0.00 _e715616 _FCBU-MAIN LIBRARY (Kitwe) _H2 _I3.00 _jHD 82.L4753 Doe _M2 _UAVAILABLE _y004704 _ZAnnex Low-Usage Collection |
||
| 999 |
_c75540 _d75540 |
||